000 00885nam a22002897a 4500
001 3383
003 FISKH
005 20240301085113.0
008 240301b cb ||||| |||| 00| 0 eng d
020 _a9780439064590
040 _aFISKH
_beng
_cFISKH
_dFISKH
050 _a535.6
100 _aAlexander, Francie
245 _aWe are painting /
_cWritten by Francie Alexander ; illustrated by Michael Grejniec
260 _aNew York :
_bScholastic ,
_c2000
300 _a8 pages :
_bcolor illustrations ;
_c24 cm .
490 _a High-Frequency Readers
_vBook 9
505 _aC
520 _aUsing various colors, children paint various objects.
521 8 _a80
_bLexile
521 8 _aC
_bRaz-Plus
600 _2sight words
_vFiction
650 _acounting
_vFiction
700 _aGrejniec, Michael
_eillustrator
942 _2ddc
_cBK
_n0
999 _c3383
_d3383